| 000 | 01732nam a2200229 a 4500 | ||
|---|---|---|---|
| 005 | 20150105115049.0 | ||
| 008 | 150105b xxu||||| |||| 00| 0 spa d | ||
| 040 | _cCO-BoIH | ||
| 041 | _aspa | ||
| 090 |
_aIAVH _b00472 |
||
| 100 |
_aRíos Katto, Clara Inés _921406 |
||
| 245 | _aPropuesta metodológica mejorada en cuanto a tipo de análisis de información socioeconómica de paisajes rurales | ||
| 260 |
_aManizales _bInstituto Alexander von Humboldt _c2005 |
||
| 300 | _a33 p. | ||
| 520 | _aA partir de caracterizaciones biológicas y socioeconómicas de paisajes rurales se desarrolla una propuesta de identificación de oportunidades de conservación en paisajes rurales, que permite establecer un orden de prioridades de sitios donde se encuentren elementos del paisaje con una composición y estructura biótica de interés para la conservación de la biodiversidad y donde, además, se den condiciones socioeconómicas que faciliten procesos que permitan conservar esa biodiversidad, sin afectar de manera negativa el sistema productivo. La caracterización socioeconómica de paisajes rurales se encamina a identificar elementos relacionados con el modo de ocupación del territorio, la toma de decisiones, los sistemas de producción, el manejo, conocimiento y uso de recursos naturales y cultivados asociados al sistema productivo. En los anexos se incluye el formulario completo de una encuesta muy completa sobre caracterización socioeconómica de paisajes rurales | ||
| 650 |
_aPaisajes rurales _92419 |
||
| 650 |
_aCaracterización biológica y económica _930956 |
||
| 650 |
_aConservaciónde biodiversidad _930957 |
||
| 650 |
_aSistemas productivos _930958 |
||
| 942 |
_cINFORME _2z |
||
| 945 | _d2005-12-05 | ||
| 999 |
_c4931 _d4931 |
||